Statistics for A to Z: Dark Souls

Click here to take the quiz!

General Stats

  • This quiz has been taken 100 times
  • The average score is 10 of 26

Answer Stats

HintAnswer% Correct
Allows the player to reverse hollowing in DS1HHumanity
76%
Hidden location where the Everlasting Dragon livesAAsh Lake
74%
Desert kingdom which High Lord Wolnir conqueredCCarthus
62%
Area in both DS1 and DS3, here the Lords first found their SoulsKKiln of the First Flame
62%
The last knight that remained in Anor LondoSSmough
61%
Nashandra, Alsanna, Elana and Nadalia are all fragments of this creatureMManus
54%
The Goddess of SinVVelka
54%
Item allowing access to "The End of Fire" ending in DS3EEyes of a Fire Keeper
45%
Those who were raised from their graves after the Lords of Cinder didn't take their thronesUUnkindled
44%
Area immediately after Artorias' boss fightOOolacile Township
42%
Masked swordswoman looking for her brotherLLucatiel of Mirrah
39%
Limb of a curse victim, they allow temporary interaction with ghostsTTransient Curse
38%
Land from which the merchant Domhnall comesZZena
36%
Memory in which the Giant Lord can be foughtJJeigh
32%
Fume Knight's real nameRRaime
32%
Daughter of Gwyn, imprisoned by Sulyvahn at the top of a towerYYorshka
31%
Age that Aldrich foresawDDeep Sea
27%
Ring named for an infamous tiny yet powerful thiefFFlynn's Ring
27%
Guardian of the Seal to the Four KingsIIngward
23%
Material found in rings made by Pyromancer Glocken to boost elemental resistancesQQuartz
19%
Invader Jeremiah's full titleXXanthous King
18%
Hollows corrupted by the Abyss, have large snake-like heads and clawsPPus of Man
17%
Her body is protected by the 'Angel' knights sharing her name atop the Grand ArchivesGGertrude
15%
Katana left by the old Mound-Maker upon sacrificing himselfBBloodlust
13%
God of Blood and worshipped by the Brotherhood of BloodNNahr Alma
8%
Covenant that Reah of Thorolund is part ofWWay of the White
8%

Score Distribution

Percentile by Number Answered

Percent of People with Each Score

Your Score History

You have not taken this quiz